| 000 | 00569nam a2200217Ia 4500 | ||
|---|---|---|---|
| 003 | OSt | ||
| 005 | 20220926035854.0 | ||
| 006 | a|||||r|||| 00| 0 | ||
| 007 | ta | ||
| 008 | 220923b |||||||| |||| 00| 0 eng d | ||
| 037 | _cGeneral Book | ||
| 040 |
_aRTL _cRTL _beng |
||
| 041 |
_2eng _aeng |
||
| 082 | _aX:76y7, J8-;1 | ||
| 100 |
_aKaplan A D H, etc _9342419 |
||
| 245 | 0 |
_aPricing in big business _b A case approach |
|
| 260 | _c1958 | ||
| 650 | _aPrice | ||
| 942 |
_hX:76y7, J8-;1 _cGB _2CC |
||
| 999 |
_c663281 _d663281 |
||